Black's children's encyclopaedia / (Record no. 9618)
[ view plain ]
| 000 -LEADER | |
|---|---|
| fixed length control field | 01043cam a22003132a 4500 |
| 001 - CONTROL NUMBER | |
| JCCL Control Number | 9618 |
| 003 - CONTROL NUMBER IDENTIFIER | |
| JCCL marc code | BD - JhCC |
| 005 - DATE AND TIME OF LATEST TRANSACTION | |
| control field | 20180320184724.0 |
| 008 - FIXED-LENGTH DATA ELEMENTS--GENERAL INFORMATION | |
| fixed length control field | 180320s1971 enkabc j e 001 0 eng d |
| 020 ## - INTERNATIONAL STANDARD BOOK NUMBER | |
| International Standard Book Number | 071361126X |
| 020 ## - INTERNATIONAL STANDARD BOOK NUMBER | |
| International Standard Book Number | 0713611111 |
| 035 ## - SYSTEM CONTROL NUMBER | |
| system control number | OCLC ocm16211276 from D950203M |
| -- | (BD - JhCC)9618 |
| 040 ## - CATALOGING SOURCE | |
| Original cataloging agency | UKM |
| Transcribing agency | UKM |
| Modifying agency | EQO |
| -- | BD - JhCC |
| 041 ## - LANGUAGE CODE | |
| Language code of Book | eng |
| 050 #0 - LIBRARY OF CONGRESS CALL NUMBER | |
| Classification number | AG5 |
| 082 ## - DEWEY DECIMAL CLASSIFICATION NUMBER | |
| Classification number | 032 |
| DDC Edition number | 18 |
| Author mark and Year | BLA 1971 |
| 245 00 - TITLE STATEMENT | |
| Title | Black's children's encyclopaedia / |
| Statement of responsibility, etc | edited by William Worthy and R.J. Unstead ; [illustrated by Valerie Falla and others] |
| 250 ## - EDITION STATEMENT | |
| Edition statement | 3rd ed |
| 260 ## - PUBLICATION, DISTRIBUTION, ETC. (IMPRINT) | |
| Place of publication, distribution, etc | London : |
| Name of publisher, distributor, etc | A. and C. Black, |
| Date of publication, distribution, etc | 1971. |
| 300 ## - PHYSICAL DESCRIPTION | |
| Pagination | 13 v. ( [800] p.) : |
| Other physical details | ill. (some col.), maps (some col.), ports. (some col.) ; |
| Dimensions | 26 cm |
| 500 ## - GENERAL NOTE | |
| General note | Also available as set of 2 vols with separate index. £5.95. sbn 7136-1111-1 |
| 500 ## - GENERAL NOTE | |
| General note | Previous ed. 1967 |
| 650 #0 - SUBJECT ADDED ENTRY--TOPICAL TERM | |
| Topical term or geographic name as entry element | Children's encyclopedias and dictionaries |
| 700 1# - ADDED ENTRY--PERSONAL NAME | |
| Personal name | Worthy, William. |
| 700 1# - ADDED ENTRY--PERSONAL NAME | |
| Personal name | Unstead, R. J. |
| 700 1# - ADDED ENTRY--PERSONAL NAME | |
| Personal name | Falla, Val. |
| 942 ## - ADDED ENTRY ELEMENTS (KOHA) | |
| Source of classification or shelving scheme | Dewey Decimal Classification |
| Koha item type | Reference |
| Source of classification or shelving scheme | volume number | Damaged status | Not for loan | Home library | Current library | Shelving location | Total Checkouts | Full call number | Barcode | Date last seen | Copy number | Koha item type |
|---|---|---|---|---|---|---|---|---|---|---|---|---|
| Dewey Decimal Classification | V-2 | JCC Rouf Library | JCC Rouf Library | General Stacks | 032 BLA 1971 | 12822 | 03/20/2018 | C - 1 | Reference | |||
| Dewey Decimal Classification | V - 1 | JCC Rouf Library | JCC Rouf Library | General Stacks | 032 BLA 1971 | 12821 | 03/20/2018 | C - 2 | Reference |